Traducciones de nombres en inglés - Estadísticas

Estadísticas generales
  • Esta prueba ha sido intentada 8.571 veces
  • La puntuación promedio es 19 de 22
Estadísticas de respuestas
Inglés Español % Correcto
Charles Carlos
97%
Xavier Javier
97%
George Jorge
97%
Joseph José
97%
Mary Maria
97%
Edward Eduardo
95%
Julius Julio
95%
Alexander Alejandro
94%
John Juan
94%
Helen Elena
92%
Peter Pedro
91%
Philip Felipe
89%
Mark Marcos
89%
Matthew Mateo
88%
Michael Miguel
85%
Henry Enrique
84%
Paul Pablo
84%
Raymond Ramón
80%
Stephen Esteban
74%
James Diego
70%
William Guillermo
70%
Elizabeth Isabel
67%
No se encontraron pruebas coincidentes
Distribución de puntuación
Porcentaje de gente con cada puntuación
Porcentaje por número respondido
Historial de tus puntuaciones
No has intentado esta prueba.